000 00711nam a2200265Ia 4500
003 OSt
005 20221006150544.0
006 a|||||r|||| 00| 0
007 ta
008 221006b |||||||| |||| 00| 0 jpn d
020 _c¥3914
024 _a19,034
037 _bGift, Japan Foundation
_cTextual
040 _aEASL
_cEASL
_bjpn
041 _2jpn
_ajpn
082 _aR8412:Q.M68, M8
100 _aMINAMOTO Ryoen Ed.
_9656994
245 0 _aEdo no jugaku
260 _aKyoto
_bShibunkaku Japan
_c1988
300 _a250p.
_ccm.
490 _v JL
650 _aJL
942 _hR8412:Q.M68, M8
_cTEXL
_2CC
999 _c1087120
_d1087120